03380nac a22002651u 4500008004100000010001700041020001600058082002300074100004100097245010100138250001200239260006000251300003000311504006400341505223300405650004102638650005302679650004402732650005602776700003602832856007702868942002902945999001502974952012502989100725t xxu||||| |||| 00| 0 eng d a 2004025983 a0815630557 00a305.48697bBEY222 a20080729 91677700aBeyond the exotic :bWomen's Histories in Islamic societies /cedited by Amira El-Azhary Sonbol. a1st ed. aSyracuse, N.Y. :bSyracuse University Press,2005c2005. axxxviii, 522 p. ;c24 cm. aIncludes bibliographical references (p. 467-500) and index.0 aHistory then, history now : the role of medieval Islamic religio-political sources in shaping the modern debate on gender / Denise A. Spellberg -- The Qur'an and history / Barbara Freyer Stowasser -- Muslim women : public authority, scriptures, and "Islamic law" / Haifaa Khalafallah -- Gendered sources in ethnohistorical research : the study of emigration from a Lebanese village / Patricia Mihaly Nabti -- Individualism and political modernity : devout Catholic women in Aleppo and Lebanon between the seventeenth and nineteenth centuries / Bernard Heyberger -- Women, patronage, and charity in Ottoman Istanbul / Fariba Zarinebaf -- Consciousness of self / Randi Deguilhem -- Sources for the study of slave women and concubines in Ottoman Egypt / Nelly Hanna -- Thoughts on women and slavery in the Ottoman era and historical sources / Madeline Zilfi -- Observations on the use of sharia court records as a source of social history / Ramadan al-Khowli -- Mahkama records as a source for women's history / Fatima Zohra Guechi -- And God knows best : the fatwa as a source for the history of gender in the Arab world / Judith E. Tucker -- Gender violence in Ottoman law / Elyse Semerdjian -- Mixed and other courts / Amira El-Azhary Sonbol -- Islamic personal law in American courts / Richard Freeland -- Learning gendered modernity / Lisa Pollard -- The use of textbooks as a source of history for women / Mona Russell -- Sources on the education of Ottoman women in the prime ministerial Ottoman archive for the period of reforms in the nineteenth and early twentieth centuries / Selçuk Aks̲in Somel -- The history of the discourses on gender and Islamism in contemporary Egypt (1980-1990) / Mervat F. Hatem -- Female patronage of Mamluk architecture in Cairo / Howayda al-Harithy -- Islamic art as a source for the study of women in premodern societies / Sheila S. Blair -- Discerning the hand-of-Fatima : an iconological investigation of the role of gender in religious art / Diane Apostolos-Cappadona -- Oral traditions as a source for the study of Muslim women / Valerie J. Hoffman -- Political science without clothes : the politics of dress, or, contesting the spatiality of the state in Egypt / Mamoun Fandy. 0aMuslim womenxHistoriography.916778 0aWomenzIslamic countriesxHistoriography.916779 0aMuslim womenxSocial conditions.916780 0aWomenzIslamic countriesxSocial conditions.9167811 aSonbol, Amira El Azhary.916782413Table of contentsuhttp://www.loc.gov/catdir/toc/ecip053/2004025983.html cBBk305.48697 S69822ddc c2543d2543 00104070aMAINbMAINc1STd2007-02-25ePurchasel12m12o305.48697 BEYp000001722r2025-07-15 00:00:00s2024-06-13yBB